000
00319nmm a2200133 a 4500
003
AR-BaBNM
005
20251128203122.0
008
223119s1910 ||||||||||||||000 | spa||
040
_c
AR-BaBNM
245
1
0
_a
Colección de historiadores de Chile
_n
18
260
_a
[S.l.]
_b
Cervantes
_c
1910
942
_c
BK
998
_c
Rhizi
999
_c
1989
_d
1989